00488nam a22001457a 4500082001600000245010400016250000800120260002700128300003100155526003700186526003700223526003700260526003700297650000800334 a624.15bPRO aProceedings of the Fourteenth International Conference on Soil Mechanics and Foundation Engineering a1st aUSAbComite Des c1997 axix, 760. p:billus,c38cm a0b0c0d624_150000000000000_PRO a0b0c0d624_150000000000000_PRO a0b0c0d624_150000000000000_PRO a0b0c0d624_150000000000000_PRO aMCE